Child psychology and child guidance (A) (Record no. 9164)

MARC details
000 -LEADER
fixed length control field 00641cam a2200229ua 4500
008 - FIXED-LENGTH DATA ELEMENTS--GENERAL INFORMATION
fixed length control field 170921n ii |||gr||||Z||||||asm
020 ## - INTERNATIONAL STANDARD BOOK NUMBER
International Standard Book Number 9789382030454
040 ## - CATALOGING SOURCE
Transcribing agency MAIN
041 ## - LANGUAGE CODE
-- asm
082 ## - DEWEY DECIMAL CLASSIFICATION NUMBER
Classification number 155.4
100 ## - MAIN ENTRY--PERSONAL NAME
Personal name Bora, Swapnali,
Relator term
245 ## - TITLE STATEMENT
Title Child psychology and child guidance (A)
Statement of responsibility, etc. By Swapnali Bora and others
250 ## - EDITION STATEMENT
Edition statement 2nd ed.
260 ## - PUBLICATION, DISTRIBUTION, ETC.
Place of publication, distribution, etc. Jorhat:
Name of publisher, distributor, etc. Unika prakashan,
Date of publication, distribution, etc. 2014.
300 ## - PHYSICAL DESCRIPTION
Extent 395p.
700 ## - ADDED ENTRY--PERSONAL NAME
Personal name Phukan, Dipti Devi,
Relator term
700 ## - ADDED ENTRY--PERSONAL NAME
Personal name Saikia, Ranjumoni,
Relator term
700 ## - ADDED ENTRY--PERSONAL NAME
Personal name Bora, Jyotshna,
Relator term
942 ## - ADDED ENTRY ELEMENTS (KOHA)
Koha item type Books
653 ## - INDEX TERM--UNCONTROLLED
Uncontrolled term Differential & developmental psychology
Holdings
Withdrawn status Lost status Damaged status Not for loan Home library Current library Shelving location Date acquired Total Checkouts Full call number Barcode Date last seen Date last checked out Copy number Price effective from Koha item type
        Central Library, Naharkatiya College Central Library, Naharkatiya College General Stacks 19/09/2020 11 155.4 | CHI 23785 04/02/2025 01/02/2025 3 19/09/2020 Books
        Central Library, Naharkatiya College Central Library, Naharkatiya College General Stacks 19/09/2020 8 155.4 | CHI 23786 16/07/2022 06/07/2022 2 19/09/2020 Books
        Central Library, Naharkatiya College Central Library, Naharkatiya College General Stacks 19/09/2020 5 155.4 | CHI 23787 25/05/2022 05/05/2022 1 19/09/2020 Books

Naharkatiya College © 2020. All rights reserved.

Powered By